Právny model sociálnej práce

Právny model ako jeden z najstarších teoretických prístupov v sociálnej práci. Využívanie práva v oblasti sociálnej práce. Napĺňanie garantovaných práv sociálnymi pracovníkmi. Vytváranie vhodných životných podmienok. Garantovanie základných ľudských práv. Stratégie kolektívneho konania.

Enregistré dans:
Détails bibliographiques
Auteur principal: Levická, Jana
Format: Chapitre de livre
Langue:slovaque
Sujets:
Tags: Ajouter un tag
Pas de tags, Soyez le premier à ajouter un tag!

MARC

LEADER 00000naa a2200000 4500
001 r047802
005 20230913072214.3
041 0 |a slo 
044 |a CZ 
245 1 0 |a Právny model sociálnej práce  |c Jana Levická 
520 |a Právny model ako jeden z najstarších teoretických prístupov v sociálnej práci. Využívanie práva v oblasti sociálnej práce. Napĺňanie garantovaných práv sociálnymi pracovníkmi. Vytváranie vhodných životných podmienok. Garantovanie základných ľudských práv. Stratégie kolektívneho konania. 
610 2 0 |a práca sociálna 
610 2 0 |a právo 
610 2 0 |a podmienky životné 
610 2 0 |a pomoc sociálna 
610 2 0 |a teória sociálna 
610 2 0 |a práva ľudské 
100 1 |a Levická, Jana